Технологии интернет-образования; Высшее образование сегодня; № 7/8

Bibliografische gegevens
Parent link:Высшее образование сегодня: научно-практический журнал.— , 2001-.— 1726-667X
№ 7/8.— 2002.— С. 23-24
Hoofdauteur: Кузнецов В. В. Владимир Викторович
Samenvatting:Высшее образование в документах: Журнал в журнале
Taal:Russisch
Gepubliceerd in: 2002
Reeks:Императив модернизации: дистанционные технологии обучения
Onderwerpen:
Formaat: Hoofdstuk
KOHA link:https://koha.lib.tpu.ru/cgi-bin/koha/opac-detail.pl?biblionumber=383285

MARC

LEADER 00000naa2a2200000 4500
001 383285
005 20231101063109.0
035 |a (RuTPU)RU\TPU\prd\8759 
090 |a 383285 
100 |a 20021128a2002 k y0rusy50 ca 
101 0 |a rus 
102 |a RU 
200 1 |a Технологии интернет-образования  |f В. В. Кузнецов 
225 1 |a Императив модернизации: дистанционные технологии обучения 
300 |a Высшее образование в документах: Журнал в журнале 
320 |a Библиогр.: 4 назв. 
461 1 |0 (RuTPU)RU\TPU\prd\1307  |x 1726-667X  |t Высшее образование сегодня  |o научно-практический журнал  |d 2001- 
463 1 |0 (RuTPU)RU\TPU\prd\7062  |t № 7/8  |v С. 23-24  |d 2002 
610 1 |a дистанционное обучение 
610 1 |a инновационные технологии 
610 1 |a интернет-образование 
700 1 |a Кузнецов  |b В. В.  |g Владимир Викторович 
801 1 |a RU  |b 63413507  |c 20021128  |g PSBO 
801 2 |a RU  |b 63413507  |c 20140728  |g RCR 
942 |c BK